000 00619nam a22001817a 4500
003 DO-SdBNP
005 20221031132034.0
007 ta
008 221031b2016 dr a|||| |||| 00| 0 spa d
040 _aDO-SdBNP
_bspa
_cBNPHU
082 4 _222
245 0 0 _aInforme de la gestión del presidente saliente Dr. Rolando Forestieri, presentado ante la asamblea extraordinaria de esta academia en fecha 22 de junio del 2016
260 _aSanto Domingo :
_bAcademia Dominicana de Cienciasa Políticas,
_c2016.
300 _a34 p. :
_bil. ;
_c22 cm.
590 _aInventariado, 2022/BT
910 _aBtavárez
942 _2ddc
_cLF2
999 _c52675
_d52675